000 00477nam a2200193Ia 4500
999 _c40755
_d40755
003 0100
005 20170404095943.0
008 130303s9999 xx 000 0 und d
040 _cARRUPELIB
050 _aBX3756.S637T3 1964
100 _aTerrell, John Upton
_929607
245 _aBlack robe
245 _bthe life of Pierre-Jean de Smet, missionary, explorer and pioneer
250 _a1st ed.
260 _aNew York
260 _bDoubleday
300 _a381 p.
300 _b 22cm.
600 _aSmet, Pierre Jean de
_929608
942 _2lcc
_cMONOGRAPH